000 00375nam a2200133Ia 4500
008 210210b1994 xxu||||| |||| 00| 0 eng d
082 _a025.52K RAMP
100 _aRAMASHESH (Si Pi)
245 _aParamarshana seve mattu mahiti akaragalu.
260 _aMaisuru
_bTalukina Venkannayya Smaraka Granthamale
_c1994
300 _a128
690 _aLibrary Science
906 _a051503
999 _c99616
_d99616